01323nab a22002417a 4500999001500000003000400015005001700019008004100036040000700077100003100084245015100115300001300266500003800279505035500317505009100672650002800763650002000791650003300811650003300844650003500877773015600912942001301068 c6239d6239OSt20260127184403.0190514b xxu||||| |||| 00| 0 spa d cPJ 95241aPeres, Agustín A. 13a"La renuncia del derecho de renunciar" :banálisis sobre el inicio del juicio sucesorio y la aceptación de la herencia /cAgustín A. Peres.  ap. 17-26 aCita: TR LALEY AR/DOC/1584/2025.  aSumario: I. Hechos del caso.— II. Decisión y fundamentos.— III. Breve aclaración sobre la aplicación del derogado Cód. Civil.— IV. El derecho a optar: aceptar, renunciar o guardar silencio.— V. La aceptación de la herencia en la legislación argentina.— VI. La sentencia que nos convoca.— VII. A modo de cierre y conclusión.  tFallo comentado: SC Buenos Aires ~ 24/02/2025 ~ J., O. S. s/ sucesión testamentaria. 09967aDERECHO DE FAMILIA 09888aSUCESIONES 091118aACEPTACION DE HERENCIA 091121aRENUNCIA A LA HERENCIA 091057aJURISPRUDENCIA APLICABLE0 0284493222dBuenos Aires : AbeledoPerrot, 1989-tDerecho de familia. Revista Interdisciplinaria de doctrina y jurisprudencia. Agosto 2025-IV.z18511201 2udccANA